<La> stratégie prix <le> pricing: nouveau levier pour augmenter votre rentabilité

Gespeichert in:
Bibliographische Detailangaben
1. Verfasser: Simon, Hermann
Weitere Verfasser: Jacquet, Florent, Brault, Franck
Format: Buch
Sprache:Französisch
Veröffentlicht: Paris DUNOD 2005
Ausgabe:2e éd.
Schlagworte:
Tags: Tag hinzufügen
Keine Tags, Fügen Sie das erste Tag hinzu!

MARC

LEADER 00000nam$a2200000$$$4500
001 0085735
005 20221129083003.0
020 |a 2-10-049444-9 
041 0 |a fre 
044 |a FR 
245 1 0 |a <La> stratégie prix  |b <le> pricing: nouveau levier pour augmenter votre rentabilité  |c Hermann Simon, Florent Jacquet, Franck Brault 
250 |a 2e éd. 
264 1 |a Paris  |b DUNOD  |c 2005 
300 |a 387 s. 
610 2 0 |a ceny 
610 2 0 |a politika cenová 
610 2 0 |a konkurencia 
610 2 0 |a marketing mix 
610 2 0 |a segmentácia trhu 
610 2 0 |a stratégia podnikateľská 
610 2 0 |a klienti 
610 2 0 |a analýzy 
610 2 0 |a štruktúra cien 
100 1 |a Simon, Hermann 
700 1 |a Jacquet, Florent 
700 1 |a Brault, Franck